Największe miasta w państwach #1 - Sąsiedzi Polski - Statystyki

Ogólne statystyki
  • Ten quiz został rozwiązany 2 375 razy
  • Średni wynik to 16 z 30
Statystyki odpowiedzi
Państwo Lp Miasto Ludność % Poprawnych
Niemcy 1. Berlin 3 421 829
99%
Czechy 1. Praga 1 268 796
98%
Ukraina 1. Kijów 2 814 258
96%
Białoruś 1. Mińsk 1 885 067
95%
Litwa 1. Wilno 527 930
94%
Słowacja 1. Bratysława 432 801
93%
3. Monachium 1 407 836
92%
2. Hamburg 1 746 342
85%
5. Frankfurt nad Menem 701 350
67%
2. Charków 1 441 362
65%
4. Kolonia 1 034 715
64%
2. Kowno 307 498
64%
5. Donieck 955 041
62%
2. Brno 385 913
57%
3. Odessa 1 008 162
52%
3. Ostrawa 296 224
52%
2. Koszyce 240 164
45%
4. Pilzno 170 322
44%
3. Kłajpeda 158 981
40%
5. Grodno 346 601
39%
5. Liberec 102 754
26%
2. Homel 498 075
23%
4. Żylina 81 382
22%
4. Witebsk 359 544
18%
3. Preszów 91 352
16%
4. Dnipro 999 577
15%
4. Szawle 106 847
15%
5. Bańska Bystrzyca 79 583
14%
3. Mohylew 363 363
14%
5. Poniewież 97 589
12%
Nie znaleziono quizów pasujących do podanych kryteriów
Rozkład punktacji
Procent ludzi z każdym wynikiem
Percentyl według liczby udzielonych odpowiedzi
Twoja historia wyników
Nie rozwiązałeś tego quizu